Score 0/20 Timer 01:00
1 Play Today
NFL Player First Name % Correct
_____ BreesDrew
93.2%
_____ ElwayJohn
92.3%
_____ AikmanTroy
90.2%
_____ RodgersAaron
90.1%
_____ NamathJoe
88.8%
_____ FolesNick
88.4%
_____ BradshawTerry
88.1%
_____ WarnerKurt
86%
_____ YoungSteve
82.6%
_____ StarrBart
81.1%
NFL Player First Name % Correct
_____ StaubachRoger
81.1%
_____ SimmsPhil
77.1%
_____ LewisRay
68.6%
_____ PlunkettJim
67.4%
_____ HarrisFranco
52.2%
_____ BranchDeion
52.2%
_____ AllenMarcus
50.6%
_____ DawsonLen
48.2%
_____ HolmesSantonio
47.9%
_____ MillerVon
41.7%
Remove Ads.
Support Sporcle.
Get the best of Sporcle when you Go Orange. This ad-free experience offers more features, more stats, and more fun while also helping to support Sporcle. Thank you for becoming a member.

You're not logged in!

Compare scores with friends on all Sporcle quizzes.
OR
Log In

Show Comments

Extras

Top Quizzes Today


Score Distribution

Your Account Isn't Verified!

In order to create a playlist on Sporcle, you need to verify the email address you used during registration. Go to your Sporcle Settings to finish the process.

Report this User

Report this user for behavior that violates our Community Guidelines.

Details: